00947nam a2200157Ia 4500008004100000020001500041050002100056100005000077245007400127250001800201260003600219300003600255500011800291505034500409650003500754120626s2004 mx a 000 0 spa d a9701039440 aHF5500bF73 2004 aFranklin Fincowsky, Enrique Benjamíneautor aOrganización de empresas c/ Enrique Benjamín, Franklin Fincowsky a2a. edición aMéxicob: McGraw Hillc, 2004 a369 páginasb: ilustraciones  aIncluye: Contenido, Introducción, Preguntas y temas de análisis, Bibliografía, Glosario, Indice analítico aMetodología para el desarrollo de estudios organizacionales Manejo de formas en las organizaciones Organigramas: normas generales para su preparación Distribución del espacio en las áreas de trabajo Manuales administrativos Diagramación Reorganización administrativa Asistencia técnica y servicio de consultoría  0aADMINISTRACION DE ORGANIZACION